000 00407nam a2200181Ia 4500
001 609
005 20260306140530.0
008 260306t2010||||xx |||||||||||||| ||spa||
041 _aESP
082 _a128
_bP75A T. 2
100 _aPolo, Leonardo
_eAUT
245 0 _aLa esencia de la persona humana
260 _c2010
300 _a
_c24 cm.
650 _aGEN
654 _aCHU
942 _cLIB
_dJUS
_fJUS
_2ddc
_n
999 _c609
_d609